<?xml version="1.0" encoding="UTF-8"?>
<record
    xmlns:xsi="http://www.w3.org/2001/XMLSchema-instance"
    xsi:schemaLocation="http://www.loc.gov/MARC21/slim http://www.loc.gov/standards/marcxml/schema/MARC21slim.xsd"
    xmlns="http://www.loc.gov/MARC21/slim">

  <leader>00616cam a22002411a 4500</leader>
  <datafield tag="999" ind1=" " ind2=" ">
    <subfield code="c">27524</subfield>
    <subfield code="d">27524</subfield>
  </datafield>
  <controlfield tag="001">YPZ98099</controlfield>
  <controlfield tag="003">YPZ</controlfield>
  <controlfield tag="005">20230411140300.0</controlfield>
  <controlfield tag="008">130830|###########||||||b||||||||||spa|d</controlfield>
  <datafield tag="020" ind1=" " ind2=" ">
    <subfield code="a">9789879899076</subfield>
  </datafield>
  <datafield tag="040" ind1=" " ind2=" ">
    <subfield code="c">SIUNPA</subfield>
  </datafield>
  <datafield tag="041" ind1=" " ind2=" ">
    <subfield code="a">spa</subfield>
  </datafield>
  <datafield tag="044" ind1=" " ind2=" ">
    <subfield code="a">ag</subfield>
  </datafield>
  <datafield tag="080" ind1=" " ind2=" ">
    <subfield code="a">622 M538m</subfield>
  </datafield>
  <datafield tag="100" ind1=" " ind2=" ">
    <subfield code="a">M&#xE9;ndez, Vicente.</subfield>
  </datafield>
  <datafield tag="245" ind1=" " ind2=" ">
    <subfield code="a">Miner&#xED;a</subfield>
    <subfield code="c">/ Vicente M&#xE9;ndez ... [et al.]</subfield>
  </datafield>
  <datafield tag="260" ind1=" " ind2=" ">
    <subfield code="a">Buenos Aires</subfield>
    <subfield code="b"> : Asociaci&#xF3;n Argentina de Ge&#xF3;logos Economistas</subfield>
    <subfield code="c"> , [2011]</subfield>
  </datafield>
  <datafield tag="300" ind1=" " ind2=" ">
    <subfield code="a">395 p. :</subfield>
    <subfield code="b">il.</subfield>
  </datafield>
  <datafield tag="650" ind1=" " ind2=" ">
    <subfield code="a"> MINERIA</subfield>
  </datafield>
  <datafield tag="650" ind1=" " ind2=" ">
    <subfield code="a"> ARGENTINA</subfield>
  </datafield>
  <datafield tag="700" ind1=" " ind2=" ">
    <subfield code="a">Col&#xF3;n, H&#xE9;ctor O..</subfield>
  </datafield>
  <datafield tag="942" ind1=" " ind2=" ">
    <subfield code="c">BK</subfield>
    <subfield code="2">udc</subfield>
  </datafield>
  <datafield tag="952" ind1=" " ind2=" ">
    <subfield code="0">0</subfield>
    <subfield code="1">0</subfield>
    <subfield code="2">udc</subfield>
    <subfield code="4">0</subfield>
    <subfield code="7">0</subfield>
    <subfield code="8">CG</subfield>
    <subfield code="a">BIB_RECT</subfield>
    <subfield code="b">BIB_UASJ</subfield>
    <subfield code="d">2013-09-02</subfield>
    <subfield code="e">Donaci&#xF3;n</subfield>
    <subfield code="g">250.00</subfield>
    <subfield code="i">04-45419</subfield>
    <subfield code="o">622 M538m</subfield>
    <subfield code="p">04-45419</subfield>
    <subfield code="r">2019-04-03</subfield>
    <subfield code="t">ej.1</subfield>
    <subfield code="v">250.00</subfield>
    <subfield code="w">2019-04-03</subfield>
    <subfield code="y">BK</subfield>
  </datafield>
  <datafield tag="952" ind1=" " ind2=" ">
    <subfield code="0">0</subfield>
    <subfield code="1">0</subfield>
    <subfield code="2">udc</subfield>
    <subfield code="4">0</subfield>
    <subfield code="7">0</subfield>
    <subfield code="8">CG</subfield>
    <subfield code="a">BIB_RECT</subfield>
    <subfield code="b">BIB_UASJ</subfield>
    <subfield code="d">2013-09-02</subfield>
    <subfield code="e">Donaci&#xF3;n</subfield>
    <subfield code="g">250.00</subfield>
    <subfield code="i">04-45420</subfield>
    <subfield code="o">622 M538m</subfield>
    <subfield code="p">04-45420</subfield>
    <subfield code="r">2019-04-03</subfield>
    <subfield code="t">ej.2</subfield>
    <subfield code="v">250.00</subfield>
    <subfield code="w">2019-04-03</subfield>
    <subfield code="y">BK</subfield>
  </datafield>
  <datafield tag="952" ind1=" " ind2=" ">
    <subfield code="0">0</subfield>
    <subfield code="1">0</subfield>
    <subfield code="2">udc</subfield>
    <subfield code="4">0</subfield>
    <subfield code="7">0</subfield>
    <subfield code="8">CG</subfield>
    <subfield code="a">BIB_RECT</subfield>
    <subfield code="b">BIB_UASJ</subfield>
    <subfield code="d">2013-09-02</subfield>
    <subfield code="e">Donaci&#xF3;n</subfield>
    <subfield code="g">250.00</subfield>
    <subfield code="i">04-45421</subfield>
    <subfield code="o">622 M538m</subfield>
    <subfield code="p">04-45421</subfield>
    <subfield code="r">2019-04-03</subfield>
    <subfield code="t">ej.3</subfield>
    <subfield code="v">250.00</subfield>
    <subfield code="w">2019-04-03</subfield>
    <subfield code="y">BK</subfield>
  </datafield>
  <datafield tag="952" ind1=" " ind2=" ">
    <subfield code="0">0</subfield>
    <subfield code="1">0</subfield>
    <subfield code="2">udc</subfield>
    <subfield code="4">0</subfield>
    <subfield code="7">0</subfield>
    <subfield code="8">CG</subfield>
    <subfield code="a">BIB_RECT</subfield>
    <subfield code="b">BIB_UARG</subfield>
    <subfield code="d">2013-11-06</subfield>
    <subfield code="e">Peri, Pablo</subfield>
    <subfield code="g">250.00</subfield>
    <subfield code="i">05-45774</subfield>
    <subfield code="l">2</subfield>
    <subfield code="m">3</subfield>
    <subfield code="o">622 M538m</subfield>
    <subfield code="p">05-45774</subfield>
    <subfield code="q">2026-05-04</subfield>
    <subfield code="r">2026-04-09</subfield>
    <subfield code="s">2026-04-09</subfield>
    <subfield code="t">ej.1</subfield>
    <subfield code="v">250.00</subfield>
    <subfield code="w">2019-04-03</subfield>
    <subfield code="y">BK</subfield>
  </datafield>
  <datafield tag="952" ind1=" " ind2=" ">
    <subfield code="0">0</subfield>
    <subfield code="1">0</subfield>
    <subfield code="2">udc</subfield>
    <subfield code="4">0</subfield>
    <subfield code="7">0</subfield>
    <subfield code="8">CG</subfield>
    <subfield code="a">BIB_RECT</subfield>
    <subfield code="b">BIB_UARG</subfield>
    <subfield code="d">2013-11-06</subfield>
    <subfield code="e">Peri, Pablo</subfield>
    <subfield code="g">250.00</subfield>
    <subfield code="i">05-45775</subfield>
    <subfield code="o">622 M538m</subfield>
    <subfield code="p">05-45775</subfield>
    <subfield code="r">2019-04-03</subfield>
    <subfield code="t">ej.2</subfield>
    <subfield code="v">250.00</subfield>
    <subfield code="w">2019-04-03</subfield>
    <subfield code="y">BK</subfield>
  </datafield>
</record>
